Press-working of metals. (Record no. 16995)
[ view plain ]
| 000 -LEADER | |
|---|---|
| fixed length control field | 00497cam a2200169u 4500 |
| 040 ## - CATALOGING SOURCE | |
| Transcribing agency | CarP |
| 082 ## - DEWEY DECIMAL CLASSIFICATION NUMBER | |
| Classification number | 621 WIL 1901 A109 Or. |
| 100 1# - MAIN ENTRY--AUTHOR NAME | |
| Personal name | Smith, Oberlin, |
| 245 10 - TITLE STATEMENT | |
| Title | Press-working of metals. |
| 250 ## - EDITION STATEMENT | |
| Edition statement | 1st ed. |
| 260 ## - PUBLICATION, DISTRIBUTION, ETC. (IMPRINT) | |
| Place of publication | New York, |
| Name of publisher | J. Wiley & sons; |
| Place of publication | London, |
| Name of publisher | Chapman & Hall, limited, |
| Year of publication | 1901. |
| 300 ## - PHYSICAL DESCRIPTION | |
| Number of Pages | 276 p. |
| Other physical details | front., illus. |
| Dimensions | 23 cm. |
| 650 #0 - SUBJECT ADDED ENTRY--TOPICAL TERM | |
| Topical Term | Sheet-metal work. |
| 650 #0 - SUBJECT ADDED ENTRY--TOPICAL TERM | |
| Topical Term | Dies (Metal-working) |
| 856 41 - ELECTRONIC LOCATION AND ACCESS | |
| Uniform Resource Identifier | http://hdl.loc.gov/loc.gdc/scd0001.00033207621 |
| 942 ## - ADDED ENTRY ELEMENTS (KOHA) | |
| Koha item type | សៀវភៅភាសាអង់គ្លេស |
| 952 ## - LOCATION AND ITEM INFORMATION (KOHA) | |
| Withdrawn status [LOCAL, KOHA] | 0 |
| Permanent Location | Date acquired | Koha item type | Lost status | Shelving location | Barcode | Current Location | Full call number |
|---|---|---|---|---|---|---|---|
| Library Block A | 2018-07-16 | សៀវភៅភាសាអង់គ្លេស | A109 | A09331 | Library Block A | 621 WIL 1901 A109 Or. |